000 00557nam a2200217Ia 4500
005 20250508164628.0
008 008 250505s9999 xx 000 0 hin d
037 _aTextual
040 _aFEDL
_beng
_cFEDL
041 _ahin
_2eng
084 _a510, MUL
_qFEDL
100 _aMuley Gunakar
_9398672
245 0 _aAnkon ki kahani
260 _aNew Delhi, India
_bGyan-Vigyan Prakashan
_c1993
300 _a91p
365 _aINR
_b35
546 _aMACESE
650 _aMathematics
942 _cTEXL
_h510, MUL
999 _c1390222
_d1390222